000 01922nam0a2200373 4500
001 RU\NLR\BIBL_A\022669015
005 20260313103813.0
010 _a978-5-7937-2704-4
_9100
021 _aRU
_bКН-П-25-060983
_9КН-П-25-5878
035 _a(NLR Aleph) 022669015
090 _a13498277
_c13498277
100 _a20251119d2025 k y0rusy50 ca
101 0 _arus
102 _aRU
105 _aac z 000yy
181 0 _ai3
_baxxe
181 0 _ab2
_bxb2e
182 0 _an
200 1 _aКостюм в плену эклектики
_eархитектурно-стилистические ассоциации
_eмонография
_fСветлана. Ванькович
_gСанкт-Петербургский государственный университет промышленных технологий и дизайна
203 _aТекст
_aИзображение
_bвизуальные
_cнепосредственные
210 _aСанкт-Петербург
_cИзд-во СПбГУПТД
_d2025
215 _a227 с.
_cцв. ил.
_d24
300 _aНа 4-й с. обл. авт.: С. М. Ванькович - историк моды, д-р искусствоведения
320 _aБиблиогр.: с. 222-227 (188 назв.) и в примеч. в конце гл.
606 _aКостюм
_xИстория
_z19 в.
_2nlr_sh1
_2nlr_sh2
_3RU\NLR\AUTH\661425348
686 1 _aЩ126.63(0)5
700 1 _aВанькович
_bС. М.
_gСветлана Михайловна
856 4 _lVNP_UJZ
_tVIEW
_uhttps://webservices.nlr.ru/viewer/file?name=a022669015_002.txt
_yАннотация
856 4 1 _lVNP_UJZ
_tVIEW
_uhttps://webservices.nlr.ru/viewer/file?name=t022669015_001.jpg
_yОбложка
942 _cBOOK
980 4 _aVNP_UJZ
980 _aNB